=LDR 00000nam 2200000 4500 =001 INLIS000000000015020 =005 20130612110312 =008 ***********************************Ind** =035 ##$$0010-061300000015020 =041 ##$$a Ind =082 ##$$a 658.15 =090 ##$$a 658.15, Lef m =100 ##$$a Leffel, Egon w =245 ##$$a mengelola keuangan Usaha Anda, Egon w Leffel; DiSadur Oleh, RanIsmandar =260 ##$$a Dahara Prize $b Semarang =300 ##$$a viii,99 Hlm, Ilus, 21 Cm =650 ##$$a Manjemen Keungan =700 ##$$a Ismunandar, Rm =850 ##$$a NBPNMAT